01237nam a22003017a 4500003000400000005001700004008004100021040002200062082001500084100003200099245005800131260005300189300002000242366000800262490001300270505010900283505003700392505006100429505005800490505009000548650004400638650004600682650004300728650004300771650004100814650004400855700003600899OSt20230608111847.0221006b |||||||| |||| 00| 0 eng d cBiblioteca Lado V a800bG984r aGutierrez, Rafaeledirector aRevista de la Universidad de San Carlos de Guatemala/ aImpreso en Litografía Llerenac2004bGuatemala c21.5x27cma85p. espa a10v2004 tEnsayosaPoesia y Alquimia Centroamerica: las tres alfabetizaciones pendientes El diablo y Mr. Johnson tLetrasaPoemas Relato Relato  tDebateaDebate sobre el racismo en Guatemala 1970-1973  tArteaIgal Permuth: viaje abordo de un tren detenido  tComentariosaLa cultura en los tratados de libre comercio y el ALCA Tarde o temprano 2Tesauro de Arte & ArquitecturaaENSAYOS 2Tesauro de Arte & ArquitecturaaNARRATIVA 2Tesauro de Arte & ArquitecturaaDEBATE 2Tesauro de Arte & ArquitecturaaPOESIA 2Tesauro de Arte & ArquitecturaaARTE 2Tesauro de Arte & ArquitecturaaCULTURA aNavarreta, Jose Antonioeeditor